El niño y la sociedad. /

Guardado en:
Autor Principal: Elkin, Frederick
Formato: Libro
Publicado: Buenos Aires : paidos, 1964
Materias:
Etiquetas: Agregar Etiqueta
Sin Etiquetas, Sea el primero en etiquetar este registro!
LEADER 00502nam a22001815a 4500
001 CEM.cems002234
005 20060216000000.0
008 130507s1964##################000#0#####d
003 CEMS
082 0 4 |a 301.15 
100 1 |a Elkin, Frederick 
245 1 0 |a El niño y la sociedad. / 
260 |a Buenos Aires :  |b paidos,  |c 1964 
300 |a 139 p. 
653 |a Niños-socializacion 
653 |a Psicologia evolutiva 
653 |a Psicologia social 
859 |a CEMS  |b BIB. CEMS - 11 de abril  |h 301.15  |i El51  |p 2466.74  |t Ej.1